000 00325nam a2200133 a 4500
001 4140
005 20140414132024.0
008 090218s19uu xx 00 eng d
050 _aTR
_bH81 1987
100 _aCarle, Eric
245 _aA House for hermit crab.
260 _aNew York :
_bScholastic ,
_c1987.
999 _c113533
_d113533